000 00500nam a2200181Ia 4500
005 20250326144129.0
008 250326s9999 xx 000 0 und d
037 _aTextbook
040 _aFMSL
_beng
_cFMSL
041 _aeng
_2eng
084 _aX:9 M2
_qFMSL
100 _aSubrahmanian K K
245 0 _aConstruction labour market
_cSubrahmanian K K; Veena D R
260 _aNew Delhi
_bNew Delhi, Concept
_c1982
300 _a185p
942 _cTB
_hX:9 M2
999 _c1302480
_d1302480